| 000 | 00340nam a22001217a 4500 | ||
|---|---|---|---|
| 999 |
_c12035 _d12035 |
||
| 082 | _a954.900 | ||
| 100 | _aDirectorate General of Films and Publications | ||
| 245 | _aPakistan 2001-2002 An Official Handbook | ||
| 260 |
_aIslamabad _bPakistan 2001-2002 An Official Handbook _c2002 |
||
| 300 | _a409 | ||
| 650 | _aEconomics | ||
| 942 | _cBK | ||